| 000 | 01230cam a22002054a 4500 | ||
|---|---|---|---|
| 005 | 20250605164131.0 | ||
| 008 | 250528s ||||||||||||||||||||||||d | ||
| 035 | _a18634 | ||
| 020 | _a8820803658 | ||
| 040 |
_aGR-AtMCL _bgre _dGR-AtMCL _eAACR2 |
||
| 245 | 1 | _aXLVII Mostra Internazionale d' Arte Cinematografica | |
| 260 |
_bLa Biennale Di Venezia, _c1990 |
||
| 300 | _a328 | ||
| 505 | 0 | _aPresentazione, Introduzione, Leone D'Oro Alla Carriera Miklos Jancso, Leone D'Oro Alla Carriera Marcello Mastroianni, Venezia XLVII, Fuoriprogramma, Documenti, Prima Dei Codici, Il Cinema Sovietico Prima Del Realismo Socialista 1925-1935, Settimana Internazionale Della Critica, Programma Speciale, Indice Dei Registi, Indice Dei Film, Premi 1989. | |
| 520 | _aPresentazione, Introduzione, Leone D'Oro Alla Carriera Miklos Jancso, Leone D'Oro Alla Carriera Marcello Mastroianni, Venezia XLVII, Fuoriprogramma, Documenti, Prima Dei Codici, Il Cinema Sovietico Prima Del Realismo Socialista 1925-1935, Settimana Internazionale Della Critica, Programma Speciale, Indice Dei Registi, Indice Dei Film, Premi 1989. | ||
| 710 | 2 |
_aLa Biennale Settore Cinema E Spettacolo Televiso _99761 |
|
| 942 | _cBK | ||
| 999 |
_c3981 _d3981 |
||